000 00376pab a2200145 454500
008 180718b1983 xxu||||| |||| 00| 0 eng d
100 _aReed, B.J.
245 _aThe changing role of local advocacy in national politics
260 _c1983
300 _a287-98
362 _aFall
650 _aPressure Groups - U.S.A.
773 _aJournal of Urban Affairs
909 _a16079
999 _c16079
_d16079